EG (Record no. 76836)
[ view plain ]
| 000 -LEADER | |
|---|---|
| fixed length control field | 00984cab a2200205 4500 |
| 001 - CONTROL NUMBER | |
| control field | ##L133162 |
| 008 - FIXED-LENGTH DATA ELEMENTS--GENERAL INFORMATION | |
| fixed length control field | 060418n2006 000 0 eng u |
| 035 ## - SYSTEM CONTROL NUMBER | |
| System control number | (Sirsi) u133162 |
| 041 0# - LANGUAGE CODE | |
| Language code of text/sound track or separate title | eng |
| 100 1# - MAIN ENTRY--PERSONAL NAME | |
| Personal name | Vrensen, Hans |
| 245 00 - TITLE STATEMENT | |
| Title | EG |
| Remainder of title | BarCap European CMBS overview |
| 260 ## - PUBLICATION, DISTRIBUTION, ETC. | |
| Date of publication, distribution, etc. | 2006 |
| 490 #0 - SERIES STATEMENT | |
| Series statement | Estates Gazette |
| Volume/sequential designation | (0614) 8 April 2006, 50(1) |
| 520 ## - SUMMARY, ETC. | |
| Summary, etc. | Details European commercial mortgage-backed securitisation issuance in the first quarter 2006 based on research by Barclays Capital. First quarter 2006 issuance has risen by 27%, totalling Euros 9.1bn compared with the first quarter 2005, falling well short of the 45-50% growth projection for the whole year. The second quarter 2006 target of Euros 17.8bn is still seen as realisable. Tables and graphs. |
| 590 ## - LOCAL NOTE (RLIN) | |
| Local note | IKA250406 |
| 650 24 - SUBJECT ADDED ENTRY--TOPICAL TERM | |
| Topical term or geographic name entry element | BARCAP EUROPEAN CMBS OVERVIEW |
| 650 24 - SUBJECT ADDED ENTRY--TOPICAL TERM | |
| Topical term or geographic name entry element | COMMERCIAL MORTGAGE-BACKED SECURITISATION |
| 690 ## - LOCAL SUBJECT ADDED ENTRY--TOPICAL TERM (OCLC, RLIN) | |
| Topical term or geographic name as entry element | PROPERTY-PROPERTY FINANCE AND INVESTMENT-SECURITISATION |
| 942 ## - ADDED ENTRY ELEMENTS (KOHA) | |
| Suppress in OPAC | 0 |
| Withdrawn status | Lost status | Source of classification or shelving scheme | Damaged status | Not for loan | Home library | Current library | Shelving location | Date acquired | Total Checkouts | Full call number | Barcode | Date last seen | Copy number | Price effective from | Koha item type |
|---|---|---|---|---|---|---|---|---|---|---|---|---|---|---|---|
| Dewey Decimal Classification | London | London | Journal article | 18/04/2006 | L133162 | 133162-1001 | 06/08/2019 | 1 | 06/08/2019 | Journal article |